| 000 | 00617nam a2200193Ia 4500 | ||
|---|---|---|---|
| 003 | OSt | ||
| 005 | 20251014150409.0 | ||
| 008 | 210210b1976 xxu||||| |||| 00| 0 eng d | ||
| 040 | _cal | ||
| 082 | _aK894.9 ANAP | ||
| 100 |
_aANANTAMURTI (U R) _9202818 _dಅನಂತಮೂರ್ತಿ (ಯು ಅರ್) |
||
| 245 |
_aPrajne mattu parisara _bಪ್ರಜ್ಞೆ ಮತ್ತು ಪರಿಸರ |
||
| 260 |
_aSagara _bAkshara Prakashana _c1976 |
||
| 300 | _a238 | ||
| 650 |
_aKaranta Adiga Channayya Chittala Beket Lohiya _9202819 |
||
| 690 |
_aKannada Criticism _9202820 |
||
| 906 | _aSG00085 | ||
| 942 |
_2ddc _cBK |
||
| 999 |
_c111744 _d111744 |
||